| 000 | 00601cam a22001691 4500 | ||
|---|---|---|---|
| 082 |
_a923.243 _bLUD |
||
| 100 | 1 |
_aLudwig, Emil, _950542 |
|
| 245 | 0 | 0 |
_aBismarck, the story of a fighter, _cby Emil Ludwig, translated from the German by Eden and Cedar Paul. |
| 260 |
_aLONDON _bGEORGE ALLEN & UNWIN LTD. _c1929. |
||
| 300 |
_axvi, 661 p. _bfront., ports., facsim. _c24 cm. |
||
| 500 | _a"Published October, 1927 ... reprinted November, 1929." | ||
| 526 |
_a0 _b0 _c0 _d923_243000000000000_LUD |
||
| 650 |
_aMCE _9379 |
||
| 700 | 1 |
_aPaul, Cedar, _946305 |
|
| 700 | 1 |
_aPaul, Eden, _946306 |
|
| 942 |
_2ddc _cBK |
||
| 999 |
_c553288 _d553288 |
||